LEADER 01476nam 2200337Ia 450 001 996397699703316 005 20200824132151.0 035 $a(CKB)4940000000055553 035 $a(EEBO)2264186763 035 $a(OCoLC)ocm11780001e 035 $a(OCoLC)11780001 035 $a(EXLCZ)994940000000055553 100 $a19850308d1641 uy | 101 0 $aeng 135 $aurbn||||a|bb| 200 10$aDensell Hollis esq., his speech at the delivery of the protestation to the Lords of the Upper House of Parliament, 4 May, 1641$b[electronic resource] $ewherein is set forth the reasons that moved the House of Commons to make the said protestation, together with a short narration of the severall grievances of the kingdome 210 $aLondon printed $c[s.n.]$d1641 215 $a[4] p 300 $aThis item appears at reel 1485:17 incorrectly identified as Wing H2473 variant, and at reel 1720:11 as Wing H2468A. 300 $aReproduction of original in the University of Illinois (Urbana-Champaign Campus). Library. 330 $aeebo-0167 607 $aGreat Britain$xHistory$yCharles I, 1625-1649 700 $aHolles$b Denzil Holles$cBaron,$f1599-1680.$01001819 801 2$bUMI 801 2$bm/c 801 2$bUMI 801 2$bWaOLN 906 $aBOOK 912 $a996397699703316 996 $aDensell Hollis Esq; his speech at the delivery of the protestation to the Lords of the upper House of Parliament. 4. May, 1641$92330346 997 $aUNISA LEADER 01873nas 2200445 n 450 001 990008911280403321 005 20240229084429.0 011 $a0004-6574 035 $a000891128 035 $aFED01000891128 035 $a(Aleph)000891128FED01 035 $a000891128 091 $2CNR$aP 00014278 100 $a20090724a19139999km-y0itaa50------ba 101 0 $aita 102 $aIT 110 $aauu-------- 200 1 $aAthenaeum$estudi periodici di letteratura e storia dell'antichità 207 1$a1913- 210 $aPavia$cNew Press 326 $aSemestrale 530 0 $aAthenaeum 675 $a87 675 $a931 675 $a807 676 $a480 712 02$aUniversità degli studi di Pavia 801 0$aIT$bACNP$c20090723 859 4 $uhttp://acnp.cib.unibo.it/cgi-ser/start/it/cnr/dc-p1.tcl?catno=6950&person=false&language=ITALIANO&libr=&libr_th=unina1$zBiblioteche che possiedono il periodico 901 $aSE 912 $a990008911280403321 958 $aBRAU. Biblioteca di Ricerca di Area Umanistica$b1913-1976;1978-1981;1983-1999;$c1973;1980;1981;1983;1990;$eITALIA 6$fFLFBC 958 $aBiblioteca del Dipartimento di Diritto romano e Storia della scienza romanistica "F. De Martino"$b1971-$fDDR 959 $aFLFBC 959 $aDDR 996 $aAthenaeum$9472886 997 $aUNINA AP1 8 $6866-01$aNA072 BRAU. Biblioteca di Ricerca di Area Umanistica$bITALIA 6$ePiazza Bellini 56/60, 80133 Napoli (NA)$m(081) 2533948$nit AP1 8 $6866-02$aNA212 Biblioteca del Dipartimento di Diritto romano e Storia della scienza romanistica "F. De Martino"$evia Paladino 39, 80138 Napoli (NA)$m0812535126$m0812535100$nit AP2 40$aacnp.cib.unibo.it$nACNP Italian Union Catalogue of Serials$uhttp://acnp.cib.unibo.it/cgi-ser/start/it/cnr/df-p.tcl?catno=6950&language=ITALIANO&libr=&person=&B=1&libr_th=unina&proposto=NO